| 000 | 01367nam a2200337 i 4500 | ||
|---|---|---|---|
| 001 | 000045383 | ||
| 003 | DO-SdBNP | ||
| 005 | 20250122110129.0 | ||
| 007 | ta | ||
| 008 | 150305s2014 dr 000 0 spa d | ||
| 020 | _a9789945462760 | ||
| 040 |
_aDO-SdBNP _bspa _cBNPHU _erda |
||
| 082 | 4 | _222 | |
| 245 | 0 | 0 |
_aPalmeros-Comandos de la resistencia : _banálisis y testimonios / _ctranscripción, Blasina Jérez ; corrección, Margarita Cordero ; edición, Carmen Rita Morera, Sagrada Bujosa Mieses |
| 264 |
_aSanto Domingo : _bCPEP, _c2014. |
||
| 300 |
_a107 páginas ; _c22 cm. |
||
| 336 |
_2rdacontent _atexto _btxt |
||
| 337 |
_2rdamedia _asin mediación _bn |
||
| 338 |
_2rdacarrier _avolumen _bnc |
||
| 490 |
_aPublicaciones de la Comisión Permanente de Efemérides Patrias 2004-2014 _v41 |
||
| 500 | _aTestamento histórico de Amaury Germán Aristy a Francisco Alberto Caamaño Deño. | ||
| 500 | _aIncluye referencias bibliográficas y notas a pie de las páginas | ||
| 590 | _aInventariado, 2024/BT | ||
| 700 | 1 |
_aJérez, Blasina, _etranscripción _985506 |
|
| 700 | 1 |
_aCordero, Margarita _ecorrección _939 |
|
| 700 | 1 |
_aMorera, Carmen Rita, _eedición _985507 |
|
| 700 | 1 |
_aBujosa Mieses, Sagrada, _eedición _985508 |
|
| 710 | 1 |
_aRepública Dominicana _bComisión Permanente de Efemérides Patria _945309 |
|
| 910 | _aBtavárez | ||
| 942 |
_2ddc _cLBS1 |
||
| 999 |
_c44872 _d44872 |
||